000 00624nam a2200277Ia 4500
005 20260401125701.0
008 008 300114s9999 xx 000 0 eng d
020 _a9788122444742
037 _aEBOOK
040 _aCRL
040 _beng
040 _cCRL
041 _2eng
041 _aeng
084 _qCRL
100 _aKakani, S.L.
_91233815
245 0 _aFundamentals of Nano Science
250 _a1
260 _bNew Age
260 _c2017
650 _aPhysics
856 _uhttps://digital.elib4u.com/product-details/367207
942 _cEBOOK
999 _c1847633
_d1847633